A handbook of small data sets
Guardat en:
| Autors principals: | , , , , |
|---|---|
| Format: | Llibre |
| Idioma: | anglès |
| Publicat: |
Londres
Chapman and Hall
1994
|
| Matèries: | |
| Etiquetes: |
Afegir etiqueta
Sense etiquetes, Sigues el primer a etiquetar aquest registre!
|
MARC
| LEADER | 00000nam a2200000 a 4500 | ||
|---|---|---|---|
| 001 | UCS2985 | ||
| 003 | CL-VaPUC | ||
| 008 | 970611e19940000UK |||||||||||||||||eng|d | ||
| 082 | 0 | 4 | |a 519 |b HAN |2 21 |
| 100 | |a Hand, David J |e author |9 496548 | ||
| 700 | 0 | |a Daly, F |e author |9 388916 | |
| 700 | 0 | |a Lunn, A. D |e author |9 388917 | |
| 700 | 0 | |a McConway, K. J |e author |9 388918 | |
| 700 | 0 | |a Ostrowski, E |e author |9 388919 | |
| 245 | 1 | 2 | |a A handbook of small data sets |
| 300 | |a 458 p | ||
| 942 | |c BK | ||
| 945 | |d 19970611 00:00:00 |a rbrito | ||
| 260 | |a Londres |b Chapman and Hall |c 1994 | ||
| 500 | |a Incluye diskette | ||
| 650 | 0 | |a Gestión de datos |9 353312 | |
| 650 | 0 | |a Estadística matemática |9 260028 | |
| 650 | 0 | |a Métodos de investigación |9 262618 | |
| 583 | |a last modification |c 20170510 02:08:18 |k Rodrigo Vera | ||
| 999 | |c 260857 |d 260855 | ||
| 952 | |0 0 |1 0 |4 0 |6 519_000000000000000_HAN_1994 |7 0 |8 A |9 287463 |a BIBGIM |b BIBGIM |d 2019-11-19 |i 3315053 |o 519 HAN 1994 |p 3315053 |r 2025-01-15 |w 2019-11-19 |y BK |k EST | ||